000
00311nam a2200109Ia 4500
008
200302s9999 xx 000 0 und d
100
_a
Koos Eissen & Roselien Steur
245
_a
Sketching Drawing Techniques for Product designers
260
_b
Page One Publishing Pvt., Ltd.,
260
_c
2007
300
_a
255 P.,
999
_c
2595
_d
2595